|
|
|
|
| LEADER |
00000naa2a2200000 4500 |
| 001 |
399431 |
| 005 |
20231101065226.0 |
| 035 |
|
|
|a (RuTPU)RU\TPU\prd\40740
|
| 090 |
|
|
|a 399431
|
| 100 |
|
|
|a 20051229a2005 k y0rusy50 ca
|
| 101 |
0 |
|
|a rus
|
| 102 |
|
|
|a RU
|
| 200 |
1 |
|
|a О проблемах разработки многосвязных систем автоматического управления производственными процессами
|f О. С. Соболев
|
| 225 |
1 |
|
|a Математическое обеспечение АСУ
|
| 461 |
|
0 |
|0 (RuTPU)RU\TPU\prd\2287
|t Промышленные АСУ и контроллеры
|o ежемесячный научно-технический производственный журнал
|d 2002-
|
| 463 |
|
0 |
|0 (RuTPU)RU\TPU\prd\40324
|t № 11
|v С. 28-30
|d 2005
|
| 610 |
1 |
|
|a интеллектуальные системы
|
| 610 |
1 |
|
|a автоматическое управление
|
| 610 |
1 |
|
|a многосвязные системы
|
| 610 |
1 |
|
|a разработка
|
| 610 |
1 |
|
|a проблемы
|
| 610 |
1 |
|
|a производственные процессы
|
| 610 |
1 |
|
|a структурные аспекты
|
| 610 |
1 |
|
|a регулирование
|
| 610 |
1 |
|
|a промышленность
|
| 610 |
1 |
|
|a автономность
|
| 700 |
|
1 |
|a Соболев
|b О. С.
|
| 801 |
|
1 |
|a RU
|b 63413507
|c 20051229
|g PSBO
|
| 942 |
|
|
|c BK
|